000 00670nam a22001577a 4500
008 160428b xxu||||| |||| 00| 0 eng d
082 _22013
_aUT 0453
_bR71
100 _96738
_aRosales, Ann Lovelace C.
245 _aHuman resource management practices and the level of employees' satisfaction on different business sectors in Digos City/
_cAnn Lovelace C. Rosales, Krizza Joy R. Solis and Shirly F. Dinoy.
260 _aDigos City:
_bUMDC
_cJune 2013.
300 _a47 pages;
_c30 cm.
650 0 _96736
_aBusiness Administration
_vFinancial Management
_xUndergraduate thesis.
700 _96734
_aSolis, Krizza Joy R.
700 _96735
_aDinoy, Shirly f.
942 _2ddc
_cUT
999 _c2085
_d2085